| 000 | 00893nam a2200229 a 4500 | ||
|---|---|---|---|
| 001 | 000026512 | ||
| 003 | DO-SdBNP | ||
| 005 | 20150715091444.0 | ||
| 007 | 000026512 | ||
| 008 | 110322s1996 dr a 000 0 spa d | ||
| 040 |
_aBPMET _bspa _cBPMET |
||
| 092 |
_axxx _bP796s |
||
| 111 | 1 |
_aPonencias Presentadas ante el Primer Congreso de la Fundación de la Ciudad de Santo Domingo _n(1 : _d1995 nov. 23-25 : _cSato Domingo) |
|
| 245 | 1 | 0 | _aSobre la historia de la fundación de la ciudad de Santo Domingo. |
| 260 |
_aSanto Domingo : _bComisión Municipal para la Conmemoración del V Centenario de la Ciudad de Santo Domingo, _c1996. |
||
| 300 |
_a396 p. : _bil. ; _c22 cm. |
||
| 500 | _aIncluye notas al pie de las páginas | ||
| 930 | 1 |
_lBND01 _mLF1 _820140721 _f04 _pHD _g45644 |
|
| 942 |
_2ddc _cBK |
||
| 956 |
_aNMORDAN _b10 _c20110322 _lBND01 _h1507 |
||
| 956 |
_aVMATEO _b10 _c20150430 _lBMET _h00151 |
||
| 999 |
_c7764 _d7764 |
||